[Event "Mechanics' Winter TNM; G/2"]
[Site "San Francisco"]
[Date "2016.01.05"]
[Round "1.10"]
[White "Casares Jr, Nick"]
[Black "Askin, Michael Christopher"]
[Result "0-1"]
[WhiteElo "1604"]
[BlackElo "2053"]
[PlyCount "46"]
[EventDate "2016.??.??"]

1. e4 c5 2. Nf3 d6 3. d4 cxd4 4. Nxd4 Nf6 5. Nc3 a6 6. f3 e5 7. Nb3 Be6 8. Bg5
Be7 9. Bxf6 Bxf6 10. Nd5 Nd7 11. Bc4 Rc8 12. Nxf6+ Nxf6 13. Bxe6 fxe6 14. Qd2
O-O 15. O-O-O d5 16. Qg5 Qc7 17. Rd2 dxe4 18. Re1 a5 19. fxe4 a4 20. Na1 Qc4
21. b3 Qc3 22. Rd3 Qxe1+ 23. Kb2 a3+ 0-1

[Event "Mechanics' Spring TNM; G/2"]
[Site "San Francisco"]
[Date "2016.03.22"]
[Round "2.42"]
[White "Casares Jr, Nick"]
[Black "Bayaraa, Bilguun"]
[Result "1-0"]
[WhiteElo "1604"]
[BlackElo "634"]
[PlyCount "51"]
[EventDate "2016.??.??"]

1. e4 e5 2. Nf3 Nc6 3. Bc4 d6 4. c3 Qf6 5. d4 Bg4 6. d5 Nd8 7. Be2 Qg6 8. h3
Bxf3 9. Bxf3 Nf6 10. Qe2 c6 11. c4 b5 12. cxb5 cxd5 13. exd5 Rc8 14. Nc3 Nb7
15. O-O Nc5 16. Rd1 Be7 17. b4 Ncd7 18. Ne4 h5 19. Bb2 Qh6 20. Bc1 Rxc1 21.
Raxc1 g5 22. Rc8+ Bd8 23. Nxd6+ Kf8 24. Rxd8+ Kg7 25. Rxh8 Kxh8 26. Nxf7+ 1-0

[Event "Mechanics' Alan Benson TNM; G/2"]
[Site "San Francisco"]
[Date "2016.08.30"]
[Round "5.31"]
[White "Casares Jr, Nick"]
[Black "Bekhtur, Bayaraa"]
[Result "1/2-1/2"]
[WhiteElo "1617"]
[BlackElo "1776"]
[Annotator "Winslow,Elliott"]
[PlyCount "66"]
[EventDate "2016.??.??"]

1. e4 c5 2. Nf3 d6 3. d4 cxd4 4. Nxd4 Nf6 5. Nc3 a6 6. f3 e5 7. Nb3 b5 8. Be3
Bb7 9. Nd5 Nbd7 10. Qd2 Bxd5 11. exd5 Nb6 12. Bxb6 Qxb6 13. O-O-O g6 14. g4 Bg7
15. h4 O-O 16. h5 gxh5 $2 (16... a5) 17. g5 Nd7 18. Rxh5 f5 19. Qh2 (19. Kb1)
19... Qe3+ 20. Kb1 Kf7 $4 (20... Qxf3 21. Be2 Qf4) 21. Qh3 $6 (21. Bd3 Qf4 22.
Qh1 Rh8 23. Qh3) 21... Qf4 22. Bd3 Kg8 23. Rg1 Nc5 24. Rxh7 Nxb3 25. Rxg7+ (25.
g6 Ra7 26. Rh1 {is overwhelming.} Bh6 27. Rxh6 Kg7 28. Rh7+ Kf6 29. Rxa7 e4 30.
fxe4 Nd2+ 31. Ka1) 25... Kxg7 26. Qh6+ Kf7 27. Qe6+ (27. axb3) 27... Kg7 28.
Qh6+ Kf7 29. Qf6+ Ke8 30. Qe6+ Kd8 31. Qxd6+ Ke8 32. Qe6+ Kd8 33. Qd6+ (33.
Qb6+ Kc8 (33... Ke7 34. Qc7+ Ke8 35. Qc6+ Ke7 (35... Kf7 36. g6+)) 34. cxb3 e4
35. Rc1+) 33... Ke8 {Still: winning if he wants it.} 1/2-1/2

[Event "Mechanics' Alan Benson TNM; G/2"]
[Site "San Francisco"]
[Date "2016.08.30"]
[Round "5.31"]
[White "Casares Jr, Nick"]
[Black "Bekhtur, Bayaraa"]
[Result "1/2-1/2"]
[WhiteElo "1617"]
[BlackElo "1776"]
[PlyCount "66"]
[EventDate "2016.??.??"]

1. e4 c5 2. Nf3 d6 3. d4 cxd4 4. Nxd4 Nf6 5. Nc3 a6 6. f3 e5 7. Nb3 b5 8. Be3
Bb7 9. Nd5 Nbd7 10. Qd2 Bxd5 11. exd5 Nb6 12. Bxb6 Qxb6 13. O-O-O g6 14. g4 Bg7
15. h4 O-O 16. h5 gxh5 17. g5 Nd7 18. Rxh5 f5 19. Qh2 Qe3+ 20. Kb1 Kf7 21. Qh3
Qf4 22. Bd3 Kg8 23. Rg1 Nc5 24. Rxh7 Nxb3 25. Rxg7+ Kxg7 26. Qh6+ Kf7 27. Qe6+
Kg7 28. Qh6+ Kf7 29. Qf6+ Ke8 30. Qe6+ Kd8 31. Qxd6+ Ke8 32. Qe6+ Kd8 33. Qd6+
Ke8 1/2-1/2

[Event "Mechanics' Fall TNM; G/2"]
[Site "San Francisco"]
[Date "2016.10.25"]
[Round "2.35"]
[White "Casares Jr, Nick"]
[Black "Capdeville, Barry"]
[Result "1-0"]
[WhiteElo "1617"]
[BlackElo "1224"]
[Annotator "Donaldson"]
[PlyCount "61"]
[EventDate "2016.??.??"]

1. e4 e5 2. f4 Qh4+ 3. g3 Qd8 $2 (3... Qe7) 4. fxe5 d6 5. d4 $2 (5. exd6 $1)
5... dxe5 6. Nf3 exd4 7. Nxd4 a6 8. Be3 c5 9. Nf3 Qxd1+ 10. Kxd1 Bg4 11. Nbd2
Nc6 12. c3 Ne5 13. Be2 Bd6 14. Nxe5 Bxe2+ 15. Kxe2 Bxe5 16. Bxc5 Bf6 17. Nf3
Ne7 18. e5 Bxe5 19. Nxe5 f6 20. Nf3 Rc8 21. Bxe7 Kxe7 22. Nd4 g6 23. Rhe1 Kf7
24. Rad1 Rhe8+ 25. Kf3 Rxe1 26. Rxe1 Re8 27. Rxe8 Kxe8 28. Ke4 Ke7 29. c4 f5+
30. Ke5 h5 31. b4 1-0

[Event "Mechanics' Fall TNM; G/2"]
[Site "San Francisco"]
[Date "2016.11.22"]
[Round "6.27"]
[White "Casares Jr, Nick"]
[Black "Enkh, Tergelsar"]
[Result "0-1"]
[WhiteElo "1617"]
[BlackElo "1307"]
[PlyCount "27"]
[EventDate "2016.??.??"]

1. e4 e5 2. Nf3 Nc6 3. d4 exd4 4. Bc4 Nf6 5. Bg5 Be7 6. Nbd2 d5 7. exd5 Nxd5 8.
Qe2 Be6 9. Ne4 Bxg5 10. Nexg5 Qd7 11. Bxd5 Qxd5 12. O-O O-O-O 13. Nxe6 fxe6 14.
Rfe1 0-1

[Event "Mechanics' Fall TNM; G/2"]
[Site "San Francisco"]
[Date "2016.11.08"]
[Round "4.32"]
[White "Casares Jr, Nick"]
[Black "Erdenebileg, Erkhes"]
[Result "0-1"]
[WhiteElo "1617"]
[BlackElo "1365"]
[Annotator "Sherwood"]
[PlyCount "60"]
[EventDate "2016.??.??"]

1. e4 e5 2. f4 exf4 3. Nf3 Nc6 4. d4 d5 5. e5 f6 6. Bxf4 fxe5 7. dxe5 Bc5 8. c3
Nge7 9. b4 Bb6 10. Nbd2 O-O 11. Bg3 Bg4 12. Be2 Qd7 13. Bf2 Bxf2+ 14. Kxf2 Nxe5
15. Rf1 Qc6 16. Kg1 Nxf3+ 17. Bxf3 Bxf3 18. Nxf3 Qxc3 19. Rc1 Qxb4 20. Kh1 c6
21. Rb1 Qa5 22. Rxb7 Nf5 23. Ne5 Qxa2 24. Qg4 Qc2 ({
Black missed a nice combination here:} 24... Ng3+ $1 25. hxg3 Rxf1+ 26. Kh2
Rh1+ $1 27. Kxh1 Qa1+ 28. Kh2 Qxe5) ({Another way was} 24... Qa6 25. Rfb1 Rae8
{keeping the defending Nf5}) 25. Rf7 Rxf7 26. Nxf7 Kxf7 27. Rxf5+ Kg8 28. Qf4
Qd1+ 29. Qf1 Qxf1+ 30. Rxf1 a5 0-1

[Event "Mechanics' Summer TNM; G/2"]
[Site "San Francisco"]
[Date "2016.06.21"]
[Round "5.36"]
[White "Casares Jr, Nick"]
[Black "Erdenebileg, Erkhes"]
[Result "1-0"]
[WhiteElo "1600"]
[BlackElo "1195"]
[PlyCount "41"]
[EventDate "2016.??.??"]

1. e4 e5 2. Nf3 Nc6 3. Bc4 Bc5 4. b4 Bxb4 5. c3 Ba5 6. d4 exd4 7. Qb3 Nh6 8.
Bxh6 gxh6 9. Bxf7+ Kf8 10. Bh5 Qe7 11. O-O dxc3 12. Nxc3 d6 13. Nd5 Be6 14.
Qxb7 Rb8 15. Qxc6 Bxd5 16. Qxd5 Bb6 17. e5 Rg8 18. e6 Qg7 19. e7+ Kxe7 20.
Rfe1+ Kd8 21. Ne5 1-0

[Event "Mechanics' Summer TNM; G/2"]
[Site "San Francisco"]
[Date "2016.06.07"]
[Round "3.40"]
[White "Casares Jr, Nick"]
[Black "Hilliard, Michael"]
[Result "1-0"]
[WhiteElo "1600"]
[BlackElo "1406"]
[PlyCount "65"]
[EventDate "2016.??.??"]

1. e4 c6 2. d4 d5 3. exd5 cxd5 4. c4 Nf6 5. Nc3 e6 6. c5 Nc6 7. Nf3 b6 8. Bb5
Bb7 9. b4 Be7 10. Ne5 Qc7 11. Qa4 O-O 12. Bxc6 Rfb8 13. Bxb7 Rxb7 14. c6 Rbb8
15. Nb5 Qc8 16. O-O a6 17. Nc3 b5 18. Qb3 Qc7 19. a3 h6 20. Bd2 Bd6 21. f4 Ne8
22. Rac1 Bxe5 23. fxe5 Qxc6 24. Ne4 Qb6 25. Nc5 Rd8 26. Qg3 g5 27. h4 Ng7 28.
hxg5 Nf5 29. Qg4 hxg5 30. Bxg5 Kf8 31. Bxd8 Rxd8 32. Rxf5 exf5 33. Qxf5 1-0

[Event "Mechanics' Fall TNM; G/2"]
[Site "San Francisco"]
[Date "2016.12.13"]
[Round "9.31"]
[White "Casares Jr, Nick"]
[Black "James, Charles"]
[Result "1-0"]
[WhiteElo "1617"]
[BlackElo "1380"]
[Annotator "Donaldson"]
[PlyCount "73"]
[EventDate "2016.??.??"]

1. e4 d5 2. exd5 Qxd5 3. Nc3 Qd8 4. d4 Nf6 5. Be2 Bf5 6. Nf3 e6 7. O-O Nbd7 8.
Re1 c6 9. Bg5 Qc7 10. h3 Bb4 11. a3 Bxc3 12. bxc3 Ne4 13. Bd2 O-O-O 14. Bd3
Ndf6 15. c4 Nxd2 16. Qxd2 Bxd3 17. cxd3 h6 18. Rab1 g5 19. d5 $1 exd5 (19...
cxd5 20. Qb2 Nd7 21. cxd5) 20. c5 $6 (20. Qc3 Nh5 21. cxd5 cxd5 22. Qb2 Kb8 23.
Rec1 (23. Ne5)) 20... d4 21. Rb4 Qa5 $2 (21... Nd5 22. Rxd4 Nf4) 22. Qb2 $1 Rd7
23. Rb1 Qa6 24. Ne5 Rc7 25. Nc4 Ne8 26. Qxd4 Rh7 27. Re1 Ng7 28. Nd6+ Kb8 {
Diagram [#]} 29. Ne8 (29. Qxg7 $1) 29... Ne6 30. Rxe6 (30. Nxc7 $1) 30... fxe6
31. Qd8+ (31. Nxc7 Rxc7) 31... Rc8 32. Qd6+ Ka8 33. Qxe6 Rd8 34. Rd4 Qa5 35.
Qg8 Re7 $4 (35... Qe1+ 36. Kh2 Qe5+) 36. Rxd8+ Qxd8 37. Nc7+ 1-0

[Event "Mechanics' Winter TNM; G/2"]
[Site "San Francisco"]
[Date "2016.02.16"]
[Round "7.26"]
[White "Casares Jr, Nick"]
[Black "Kondakov, Adrian"]
[Result "0-1"]
[WhiteElo "1604"]
[BlackElo "1786"]
[PlyCount "54"]
[EventDate "2016.??.??"]

1. e4 e6 2. d4 d5 3. e5 c5 4. c3 Nc6 5. Nf3 Qb6 6. Be2 Bd7 7. O-O Nge7 8. dxc5
Qxc5 9. Be3 Qa5 10. b4 Qc7 11. Na3 Nxe5 12. Nxe5 Qxe5 13. Qd2 a6 14. Bf4 Qf6
15. Bg5 Qg6 16. Bd3 Nf5 17. g4 {Diagram #} h6 $1 18. gxf5 Qxg5+ 19. Qxg5 hxg5
20. Rae1 Bd6 21. Nc2 Bxh2+ 22. Kg2 Bf4 23. fxe6 fxe6 24. Re2 Kf7 25. Nd4 Rh2+
26. Kg1 Rah8 27. Nf3 R2h3 0-1

[Event "Mechanics' Winter TNM; G/2"]
[Site "San Francisco"]
[Date "2016.02.02"]
[Round "5.29"]
[White "Casares Jr, Nick"]
[Black "Lagrotta, Daniel S"]
[Result "0-1"]
[WhiteElo "1604"]
[BlackElo "1653"]
[Annotator "Donaldson"]
[PlyCount "84"]
[EventDate "2016.??.??"]

1. e4 c5 2. Nf3 d6 3. d4 cxd4 4. Nxd4 Nf6 5. Nc3 a6 6. f3 e5 7. Nb3 Be6 8. Bg5
Be7 9. Bxf6 Bxf6 10. Nd5 Be7 11. h4 Bxh4+ 12. Ke2 Bg5 13. Qd3 Nc6 14. a3 Rc8
15. g3 a5 16. Rd1 a4 17. Na1 O-O 18. c3 Kh8 19. Nc2 Ne7 20. Bh3 f5 21. Nce3
Nxd5 22. Nxd5 fxe4 23. Qxe4 Bxh3 24. Rxh3 Bh6 25. g4 Qg5 26. Rh5 Qg6 27. Qxg6
hxg6 28. Rhh1 g5 29. Ne7 Rcd8 30. Ng6+ Kg8 31. Nxf8 Kxf8 32. Rd5 b6 33. Kd3 Ke7
34. Ke4 Kd7 35. Rhd1 Kc6 36. c4 g6 37. Rxe5 Bg7 38. Re6 $2 (38. Rxg5 $18) 38...
Bxb2 39. Rd3 (39. Rxg6) 39... Kc5 40. Rxg6 $4 (40. Ke3) 40... Re8+ 41. Kf5 Re5+
42. Kf6 Re3+ {White lost on time.} 0-1

[Event "Mechanics' Summer TNM; G/2"]
[Site "San Francisco"]
[Date "2016.07.05"]
[Round "7.22"]
[White "Casares Jr, Nick"]
[Black "Newey, Richard H"]
[Result "1/2-1/2"]
[WhiteElo "1600"]
[BlackElo "1811"]
[Annotator "Donaldson"]
[PlyCount "75"]
[EventDate "2016.??.??"]

1. e4 c5 2. Nf3 d6 3. d4 cxd4 4. Nxd4 Nf6 5. Nc3 Nc6 6. f3 Qb6 7. Be3 Qxb2 8.
Ncb5 Qb4+ 9. Bd2 Qc5 10. Nc7+ Kd8 11. Nxa8 Nxd4 12. c3 Ne6 13. Qc1 b6 14. Be3
Qc6 15. Qa3 Nd7 16. Rb1 g6 17. Nxb6 axb6 18. Bb5 Qb7 19. O-O (19. Bxd7 Qxd7 20.
Rxb6 Qc7 $17) 19... Ndc5 20. Bd4 Rg8 21. Rfd1 Nxd4 22. cxd4 Ne6 23. Qd3 Bh6 24.
g3 Nc7 25. a4 f5 26. d5 fxe4 27. fxe4 Qa7 28. Ra1 Bg4 29. Rf1 Qa5 30. Qd4 Bg7 {
Diagram #} (30... Bh3 31. Rf2 Nxb5 32. axb5 Bg7 $19) 31. Qxg7 $3 Rxg7 32. Rf8+
Ne8 33. Rxe8+ Kc7 34. Rc1+ Kb7 35. Bc6+ Kc7 36. Bb5+ Kb7 37. Bc6+ Kc7 38. Bb5+
1/2-1/2

[Event "Mechanics' Alan Benson TNM; G/2"]
[Site "San Francisco"]
[Date "2016.08.02"]
[Round "1.6"]
[White "Casares Jr, Nick"]
[Black "Traub, Igor Vladim"]
[Result "0-1"]
[WhiteElo "1617"]
[BlackElo "2136"]
[Annotator "Donaldson"]
[PlyCount "54"]
[EventDate "2016.??.??"]

1. e4 d5 2. exd5 Nf6 3. Nc3 Nxd5 4. d4 Bf5 5. Bc4 Nxc3 6. bxc3 e6 7. Rb1 Nd7 8.
Qf3 Bd6 9. Bd3 Bxd3 10. cxd3 c5 11. Bf4 Bxf4 12. Qxf4 O-O 13. Nf3 Qa5 14. Qd2
cxd4 15. cxd4 Qd5 16. O-O b5 17. Qa5 a6 18. Rfc1 Qf5 19. Rc7 Nf6 20. Ne5 Nd5
21. Rc5 f6 22. Nd7 Qxd3 23. Qe1 Rf7 24. Rbc1 g6 25. Qxe6 Nf4 26. Nxf6+ Kg7 27.
Re1 $4 (27. Qe5 $16) 27... Nxe6 0-1

[Event "Mechanics' Alan Benson TNM; G/2"]
[Site "San Francisco"]
[Date "2016.09.20"]
[Round "8.33"]
[White "Casares Jr, Nick"]
[Black "Waharte, Louka"]
[Result "1/2-1/2"]
[WhiteElo "1617"]
[BlackElo "1366"]
[PlyCount "45"]
[EventDate "2016.??.??"]

1. e4 e5 2. f4 Bc5 3. Nf3 d6 4. d4 exd4 5. Nxd4 Nf6 6. Nc3 Bxd4 7. Qxd4 Nc6 8.
Bb5 Bd7 9. Bxc6 Bxc6 10. Be3 Qe7 11. O-O-O Bxe4 12. Rhe1 O-O-O 13. Qxa7 Rhe8
14. Bf2 b6 15. Rxe4 Nxe4 16. Nd5 Nxf2 17. Nxe7+ Rxe7 18. Qa8+ Kd7 19. Qa4+ Kc8
20. Rf1 Ne4 21. Qa8+ Kd7 22. Qa4+ Kc8 23. Qa8+ 1/2-1/2

[Event "Mechanics' Fall TNM; G/2"]
[Site "San Francisco"]
[Date "2016.10.18"]
[Round "1.10"]
[White "Chan, John"]
[Black "Bayaraa, Chinguun"]
[Result "0-1"]
[WhiteElo "1595"]
[BlackElo "2086"]
[PlyCount "80"]
[EventDate "2016.??.??"]

1. d4 d5 2. Nf3 Nf6 3. h3 Bf5 4. Bf4 e6 5. e3 Nbd7 6. Nbd2 c5 7. c3 c4 8. Be2
Be7 9. a4 a6 10. Bh2 b5 11. a5 b4 12. Qa4 b3 13. Ne5 O-O 14. Nc6 Qe8 15. O-O
Ne4 16. Nxe4 Bxe4 17. f3 Bg6 18. Kh1 Nf6 19. g4 h6 20. Bg3 Rc8 21. Ne5 Bh7 22.
Qxe8 Rfxe8 23. h4 Bd6 24. Kg2 Bxe5 25. Bxe5 Nd7 26. Bg3 f6 27. Ra4 e5 28. dxe5
Nxe5 29. Bxe5 Rxe5 30. Rb4 Rxe3 31. Rf2 Rc5 32. Ra4 Bc2 33. Kg3 Rxc3 $1 34. Kf4
g5+ 35. hxg5 hxg5+ 36. Kg3 Re3 37. Rh2 c3 38. Rb4 cxb2 39. Rb8+ Kf7 40. Rhh8
Re7 0-1

[Event "Mechanics' Alan Benson TNM; G/2"]
[Site "San Francisco"]
[Date "2016.08.30"]
[Round "5.30"]
[White "Chan, John"]
[Black "Donnelly, Patrick"]
[Result "0-1"]
[WhiteElo "1583"]
[BlackElo "1641"]
[PlyCount "72"]
[EventDate "2016.??.??"]

1. d4 Nf6 2. Nf3 g6 3. h3 Bg7 4. c3 d5 5. Bf4 O-O 6. g4 Nc6 7. Qc1 Nd7 8. Bh6
e5 9. Bxg7 Kxg7 10. e3 e4 11. Ng1 Qh4 12. Qd2 f5 13. Na3 fxg4 14. Nb5 g3 15.
fxg3 Qxg3+ 16. Kd1 Rxf1+ 17. Kc2 Rxa1 18. Ne2 Qf2 19. Rxa1 Nb6 20. b3 Bxh3 21.
a4 Bg4 22. Re1 Ne7 23. a5 Nd7 24. Nf4 Qxd2+ 25. Kxd2 a6 26. Na3 g5 27. Rg1 h5
28. Ng2 Rf8 29. Ke1 Nf5 30. c4 c6 31. Nb1 Nf6 32. Nd2 h4 33. Nf1 h3 34. Nh2
hxg2 35. Rxg2 Nxe3 36. Rg1 Rh8 0-1

[Event "Mechanics' Summer TNM; G/2"]
[Site "San Francisco"]
[Date "2016.06.07"]
[Round "3.41"]
[White "Chan, John"]
[Black "Erdenebileg, Erkhes"]
[Result "0-1"]
[WhiteElo "1578"]
[BlackElo "1195"]
[PlyCount "75"]
[EventDate "2016.??.??"]

1. d4 d5 2. Nf3 c6 3. h3 Nf6 4. c3 Bf5 5. g4 Be4 6. Bg2 e6 7. Bf4 Bd6 8. Be3
O-O 9. Nbd2 Bxf3 10. Bxf3 Qc7 11. Qc2 Bf4 12. Nf1 Rd8 13. Qd2 Bxe3 14. Qxe3 b5
15. Ng3 Qb7 16. a3 a5 17. O-O Na6 18. g5 Nd7 19. b4 axb4 20. axb4 Re8 21. Bg2
e5 22. dxe5 Rxe5 23. Qd2 Nc7 24. Rxa8+ Qxa8 25. e4 Nb6 26. Qd4 Nd7 27. exd5
Nxd5 28. h4 Qe8 29. c4 bxc4 30. Qxc4 N7b6 31. Qg4 Qe6 32. Qd4 Qe7 33. Qa1 Nxb4
34. Qb2 N4d5 35. Qc1 Qe8 36. Rd1 Re6 37. Nh5 g6 38. Ng3 {
Black eventually won. Remaining moves unavailable.} 0-1

[Event "Mechanics' Summer TNM; G/2"]
[Site "San Francisco"]
[Date "2016.07.05"]
[Round "7.32"]
[White "Chan, John"]
[Black "Frank, Robert"]
[Result "1-0"]
[WhiteElo "1578"]
[BlackElo "1261"]
[PlyCount "69"]
[EventDate "2016.??.??"]

1. d4 Nf6 2. c4 e6 3. a3 c5 4. e3 cxd4 5. exd4 d5 6. Nf3 dxc4 7. Bxc4 Nd5 8.
O-O g6 9. Re1 Bg7 10. Bg5 f6 11. Bh4 Nc6 12. Bxd5 Qxd5 13. Nc3 Qf5 14. Bg3 Kf7
15. Ne4 Rd8 16. Nd6+ Rxd6 17. Bxd6 Qd5 18. Bg3 e5 19. dxe5 Qxd1 20. Raxd1 fxe5
21. Bxe5 Bg4 22. Bxg7 Kxg7 23. Rd6 Bxf3 24. gxf3 Rf8 25. Kg2 Rf7 26. b4 a6 27.
h3 Ne7 28. Rd7 Nf5 29. Rxf7+ Kxf7 30. Rc1 Nd6 31. Rc7+ Kg8 32. Rd7 Nb5 33. a4
Nc3 34. a5 b5 35. axb6 1-0

[Event "Mechanics' Spring TNM; G/2"]
[Site "San Francisco"]
[Date "2016.03.22"]
[Round "2.50"]
[White "Chan, John"]
[Black "Fuentes, Romy"]
[Result "0-1"]
[WhiteElo "1561"]
[BlackElo "2208"]
[PlyCount "78"]
[EventDate "2016.??.??"]

1. d4 Nf6 2. Nf3 e6 3. a3 c5 4. e3 Nc6 5. c3 d5 6. Bb5 Bd6 7. dxc5 Bxc5 8. Ne5
Qb6 9. Bxc6+ bxc6 10. O-O O-O 11. Kh1 Ba6 12. Re1 Bd6 13. Nf3 Ng4 14. Qd2 e5
15. h3 Nf6 16. a4 Ne4 17. Qc2 f5 18. b4 Rf6 19. Ra2 Raf8 20. b5 cxb5 21. axb5
Bxb5 22. Ba3 Bc4 23. Bxd6 Qxd6 24. Rxa7 Bd3 25. Qa2 f4 26. exf4 Rxf4 27. Ra8
Bxb1 28. Rxf8+ Rxf8 29. Qxb1 Nxf2+ 30. Kg1 Nxh3+ 31. Kh1 e4 32. Nh2 Nf2+ 33.
Kg1 Qc5 34. Nf1 Nd3+ 35. Kh1 Nxe1 36. Qxe1 d4 37. cxd4 Qxd4 38. Ng3 e3 39. Ne2
Qd2 0-1

[Event "Mechanics' Alan Benson TNM; G/2"]
[Site "San Francisco"]
[Date "2016.08.16"]
[Round "3.20"]
[White "Chan, John"]
[Black "Kim, Isaiah"]
[Result "1/2-1/2"]
[WhiteElo "1583"]
[BlackElo "1900"]
[PlyCount "90"]
[EventDate "2016.??.??"]

1. d4 Nf6 2. Nf3 g6 3. h3 Bg7 4. Bf4 c5 5. c3 cxd4 6. Nxd4 Nc6 7. Nb5 d6 8. e3
O-O 9. Be2 a6 10. N5a3 b5 11. O-O Bb7 12. Nc2 Qb6 13. Nd2 Nd7 14. e4 Nce5 15.
Be3 Qc7 16. Rc1 Nb6 17. Na3 d5 18. f3 Nbc4 19. Naxc4 dxc4 20. Qe1 Rad8 21. Kh1
Rd7 22. f4 Nd3 23. Bxd3 Rxd3 24. Qf2 Qd7 25. Kg1 Rd8 26. Nf3 Bxe4 27. Ne5 Bxe5
28. fxe5 Qf5 29. Bd4 Qxf2+ 30. Rxf2 R8xd4 31. cxd4 Rxd4 32. Re1 Bd3 33. a3 a5
34. g3 g5 35. Kh2 Kg7 36. g4 b4 37. axb4 axb4 38. Kg3 c3 39. bxc3 bxc3 40. Rc1
c2 41. Rcxc2 Bxc2 42. Rxc2 Rd3+ 43. Kg2 Re3 44. Rc5 f6 45. exf6+ Kxf6 {
and later drawn. Remaining moves unavailable.} 1/2-1/2

[Event "Mechanics' Summer TNM; G/2"]
[Site "San Francisco"]
[Date "2016.06.21"]
[Round "5.37"]
[White "Chan, John"]
[Black "Nelson, Carl"]
[Result "1-0"]
[WhiteElo "1578"]
[BlackElo "1188"]
[PlyCount "63"]
[EventDate "2016.??.??"]

1. d4 Nf6 2. Nf3 d6 3. h3 Bf5 4. c4 Nbd7 5. Bf4 c6 6. Nc3 h6 7. Qc1 Qc7 8. Bh2
e5 9. e3 Be7 10. Be2 O-O 11. O-O Rfe8 12. Nh4 Bh7 13. Qd2 e4 14. g3 d5 15. c5
Nf8 16. Qd1 Ne6 17. Bg4 Nxg4 18. Qxg4 Qd8 19. Ng2 Rf8 20. Nf4 Ng5 21. h4 f5 22.
Qh5 Nf3+ 23. Kg2 Rf6 24. Nce2 g5 25. Kh1 gxf4 26. Nxf4 Qf8 27. g4 Qg7 28. g5
hxg5 29. hxg5 Qxg5 30. Rg1 Rg6 31. Rxg5 Rxg5 32. Qh6 {White went on to win the
game after some adventures. Remaining moves unavailable.} 1-0

[Event "Mechanics' Fall TNM; G/2"]
[Site "San Francisco"]
[Date "2016.11.29"]
[Round "7.35"]
[White "Chan, John"]
[Black "Olson, David R"]
[Result "1-0"]
[WhiteElo "1595"]
[BlackElo "1400"]
[PlyCount "71"]
[EventDate "2016.??.??"]

1. d4 Nf6 2. Nf3 g6 3. Nc3 Bg7 4. e4 d6 5. h3 b6 6. Bd3 Bb7 7. Be3 O-O 8. Qd2
Nbd7 9. O-O e5 10. d5 c6 11. Bg5 Qc7 12. Bc4 Nc5 13. Rfe1 b5 14. dxc6 Bxc6 15.
Bd5 Rad8 16. b4 Ne6 17. Bxf6 Bxf6 18. Bxc6 Qxc6 19. Nd5 Nf4 $4 20. Nxf6+ Kg7
21. Nd5 Nh5 22. Rac1 f5 23. Ng5 Rde8 24. exf5 Rxf5 25. Nf3 e4 26. Qd4+ Kh6 27.
Qe3+ Kg7 28. Qxa7+ Rf7 29. Qd4+ Kh6 30. Rxe4 Nf6 31. Rh4+ Kg7 32. Nxf6 Rxf6 33.
Ng5 h6 34. Rf4 Re5 35. Rxf6 Kxf6 36. Nf3 1-0

[Event "Mechanics' Fall TNM; G/2"]
[Site "San Francisco"]
[Date "2016.11.01"]
[Round "3.24"]
[White "Chan, John"]
[Black "Sarafian, Greg M"]
[Result "0-1"]
[WhiteElo "1595"]
[BlackElo "1935"]
[PlyCount "72"]
[EventDate "2016.??.??"]

1. d4 Nf6 2. Nf3 g6 3. h3 Bg7 4. Bf4 d6 5. c3 Nbd7 6. Nbd2 c5 7. d5 Nxd5 8. Bg3
O-O 9. e4 Nc7 10. Be2 b5 11. Rb1 Bb7 12. O-O a6 13. Qc2 f6 14. Nh2 Kh8 15. f4
Nb6 16. Rbd1 Qe8 17. f5 Nd7 18. Ndf3 Ne5 19. b3 gxf5 20. exf5 Qc6 21. Bxe5 dxe5
22. c4 Bh6 23. Kh1 Rg8 24. Ng4 Bf4 25. Ne1 Bg3 26. Bf3 e4 27. Nh6 exf3 28. Nxf3
Rg7 29. Rd3 Bf4 30. Ng4 h5 31. Ngh2 Rag8 32. Rf2 Qe4 33. Nh4 Rxg2 34. Nxg2 Rxg2
35. Rd8+ Rg8+ 36. Qxe4 Bxe4+ 0-1

[Event "Mechanics' Fall TNM; G/2"]
[Site "San Francisco"]
[Date "2016.11.15"]
[Round "5.19"]
[White "Chan, John"]
[Black "Steigum, Erling"]
[Result "0-1"]
[WhiteElo "1595"]
[BlackElo "1936"]
[PlyCount "76"]
[EventDate "2016.??.??"]

1. d4 Nf6 2. Nf3 e6 3. a3 c5 4. e3 b6 5. Nc3 Bb7 6. Bd3 d5 7. b3 Be7 8. O-O O-O
9. Re1 Nc6 10. Qe2 Rc8 11. Bd2 Qc7 12. Nb5 Qb8 13. g3 a6 14. Nc3 b5 15. Qd1 e5
16. Bf5 Rcd8 17. Bh3 Bc8 18. Bg2 Bg4 19. h3 Bh5 20. Qc1 e4 21. Nh4 cxd4 22.
exd4 Nxd4 23. Be3 Bc5 24. g4 Bg6 25. Qd1 Qe5 26. Qd2 Ne6 27. Ne2 Bxe3 28. fxe3
d4 29. exd4 Nxd4 30. Nxd4 Rxd4 31. Qe3 Nd5 32. Qe2 Qg3 33. Qf2 Qc3 34. Rac1 Rd2
35. Re2 Rxe2 36. Qxe2 Nf4 37. Qf2 Nxg2 38. Qxg2 Qe3+ 0-1

[Event "Mechanics' Summer TNM; G/2"]
[Site "San Francisco"]
[Date "2016.05.24"]
[Round "1.6"]
[White "Chan, John"]
[Black "Vickers, Keith"]
[Result "1/2-1/2"]
[WhiteElo "1578"]
[BlackElo "2200"]
[PlyCount "107"]
[EventDate "2016.??.??"]

1. d4 f5 2. Nf3 Nf6 3. h3 e6 4. Bg5 Be7 5. Bxf6 Bxf6 6. c3 b6 7. e3 Bb7 8. Be2
Qe7 9. Nbd2 d5 10. Qc2 Nd7 11. Qa4 O-O 12. O-O a6 13. Rac1 e5 14. dxe5 Nxe5 15.
Nxe5 Bxe5 16. Nf3 Bd6 17. Qc2 c5 18. Rcd1 Rad8 19. Rfe1 Kh8 20. c4 dxc4 21.
Qxc4 b5 22. Qc2 Bc7 23. Qc3 c4 24. a3 Rxd1 25. Rxd1 Rd8 26. Rxd8+ Qxd8 27. Kf1
Kg8 28. Qd4 Qxd4 29. Nxd4 Be5 30. f4 Bxd4 31. exd4 Kf7 32. Kf2 Ke6 33. g4 g6
34. g5 Be4 35. Ke3 Kd5 36. h4 a5 37. Bd1 b4 38. axb4 axb4 39. Ba4 b3 40. Be8 c3
41. Bf7+ Kd6 42. bxc3 b2 43. Ba2 Kc6 44. c4 Bc2 45. Kd2 Bb3 46. Bb1 Bxc4 47.
Kc3 Kd5 48. Bc2 Be2 49. Bb1 Bf3 50. Bc2 Bd1 51. Bb1 Ba4 52. Bd3 Bb5 53. Bb1 Bc4
54. Bc2 1/2-1/2

[Event "Mechanics' Alan Benson TNM; G/2"]
[Site "San Francisco"]
[Date "2016.08.02"]
[Round "1.10"]
[White "Chan, John"]
[Black "Wang, Yuan"]
[Result "0-1"]
[WhiteElo "1583"]
[BlackElo "2068"]
[PlyCount "78"]
[EventDate "2016.??.??"]

1. d4 Nf6 2. c4 g6 3. Nc3 d5 4. c5 Bg7 5. Nf3 O-O 6. h3 b6 7. Bf4 bxc5 8. dxc5
c6 9. Qa4 Nfd7 10. Qa3 e5 11. Bg3 Qe7 12. b4 e4 13. Bd6 Qf6 14. Rc1 exf3 15.
Bxf8 fxg2 16. Bxg2 Bxf8 17. Nd1 Ne5 18. Ne3 Bh6 19. Rd1 Ba6 20. Ng4 Nxg4 21.
hxg4 Qe6 22. Bf3 Bg5 23. Qb2 Nd7 24. Kf1 Ne5 25. Qa3 Bc4 26. Rg1 Re8 27. Kg2
Nxg4 28. Bxg4 Qxg4+ 29. Qg3 Bxe2 30. Qxg4 Bxg4 31. f3 Bf5 32. Kg3 h5 33. Rde1
Be3 34. Rh1 d4 35. a4 d3 36. b5 d2 37. Ra1 cxb5 38. axb5 Bxc5 39. Rhd1 Be3 0-1

[Event "Mechanics' Winter TNM; G/2"]
[Site "San Francisco"]
[Date "2016.02.02"]
[Round "5.16"]
[White "Chea, Na"]
[Black "Mays, Jerry L"]
[Result "1-0"]
[WhiteElo "1629"]
[BlackElo "1982"]
[PlyCount "67"]
[EventDate "2016.??.??"]

1. d4 g6 2. Nf3 Bg7 3. e4 d6 4. Bf4 c5 5. c3 Qb6 6. Qb3 Qxb3 7. axb3 Nf6 8. Bd3
Bg4 9. d5 Nbd7 10. Nfd2 Nh5 11. Be3 Ne5 12. Bc2 Bd7 13. h3 Bb5 14. c4 Ba6 15.
Nc3 O-O 16. O-O Nf6 17. f4 Ned7 18. e5 Ne8 19. exd6 exd6 20. Nde4 f5 21. Ng5
Nc7 22. Ne6 Nxe6 23. dxe6 Nf6 24. Rfd1 Rfd8 25. Rd2 Ne8 26. Rad1 b5 27. cxb5
Bxc3 28. bxc3 Bxb5 29. Bxc5 Be2 30. Rxe2 dxc5 31. Red2 Rxd2 32. Rxd2 Kf8 33.
Rd7 Nf6 34. Rf7+ 1-0